| 000 | 00396nam a2200145 a 4500 | ||
|---|---|---|---|
| 001 | 2350 | ||
| 003 | CDMR | ||
| 005 | 20130904132731.0 | ||
| 008 | 130130s1973||||||||||||||||||||||||||||d | ||
| 040 |
_aCDMR _bcat _cCPC GIRONA |
||
| 100 | 1 |
_aBobes Naves, María del Carmen _91758 |
|
| 245 | 1 | 3 |
_aLa semiótica como teoría lingüística _cBobes, Maria del Carmen |
| 260 |
_c1973 _bGredos |
||
| 942 |
_cMON _2udc |
||
| 999 |
_c2350 _d2350 |
||